| 000 | 00614nam a2200217Ia 4500 | ||
|---|---|---|---|
| 003 | OSt | ||
| 005 | 20260115145451.0 | ||
| 008 | 221004b |||||||| |||| 00| 0 pan d | ||
| 037 | _cTB | ||
| 040 |
_aAL _cAL _bpun |
||
| 041 |
_2pun _apun |
||
| 084 |
_aO153,2NSO1,1, N0 _qAL |
||
| 100 |
_aਸੂਦ, ਕੇਵਲ _9875944 |
||
| 245 | 0 | _aਕੱਟਪ ਹੋਣੀ ਬਾਂਹ | |
| 260 | _c1990 | ||
| 300 | _a92p. | ||
| 365 |
_b35.00 _cINR |
||
| 650 |
_aਪੰਜਾਬੀ ਸਾਹਿਤ _9875945 |
||
| 942 |
_hO153,2NSO1,1, N0 _cTB _2CC _n0 |
||
| 999 |
_c1067688 _d1067688 |
||